[Event "DVM U16 2020"]
[Site "Willingen GER"]
[Date "2021.06.24"]
[Round "2"]
[White "Pahl, Erik"]
[Black "Bethke, Richard"]
[Result "0-1"]
[Termination "normal"]
[Board "3.1"]
[BlackTitle "FM"]
[WhiteElo "2110"]
[BlackElo "2332"]
[WhiteClock "00:29:57"]
[BlackClock "00:32:12"]
[WhiteTeam "Delmenhorster SK"]
[BlackTeam "SF Neuberg"]
[PlyCount "86"]
[WhiteFideId "16201272"]
[BlackFideId "12959243"]
[EventCountry "GER"]
[EventRounds "7"]
[EventType "team-swiss"]
[EventDate "2021.06.23"]

1. e4 {[%clk 1:30:56]} 1... e5 {[%clk 1:30:14]} 2. Nf3 {[%clk 1:31:12]} 2...
Nc6 {[%clk 1:30:40]} 3. Bb5 {[%clk 1:31:32]} 3... a6 {[%clk 1:31:07]} 4. Ba4 {
[%clk 1:31:58]} 4... b5 {[%clk 1:31:34]} 5. Bb3 {[%clk 1:32:23]} 5... Na5 {
[%clk 1:32:00]} 6. O-O {[%clk 1:21:25]} 6... d6 {[%clk 1:32:17]} 7. d4 { [%clk
1:17:57]} 7... exd4 {[%clk 1:32:43]} 8. Nxd4 {[%clk 1:14:50]} 8... Bb7 { [%clk
1:32:57]} 9. c4 {[%clk 1:14:24]} 9... c5 {[%clk 1:32:36]} 10. Nf5 { [%clk
1:06:37]} 10... Nxb3 {[%clk 1:32:36]} 11. Qxb3 {[%clk 1:02:22]} 11... g6 {[%clk
1:30:24]} 12. Ne3 {[%clk 0:58:19]} 12... Nf6 {[%clk 1:25:25]} 13. Nc3 { [%clk
0:55:21]} 13... Bg7 {[%clk 1:20:45]} 14. cxb5 {[%clk 0:51:53]} 14... O-O {[%clk
1:19:36]} 15. f3 {[%clk 0:49:58]} 15... axb5 {[%clk 1:16:15]} 16. Nxb5 { [%clk
0:44:53]} 16... Bc6 {[%clk 1:12:57]} 17. Nc3 {[%clk 0:43:49]} 17... Nh5 { [%clk
1:10:46]} 18. Nc4 {[%clk 0:39:24]} 18... Rb8 {[%clk 1:02:11]} 19. Qc2 { [%clk
0:36:33]} 19... Rb4 {[%clk 1:01:29]} 20. Ne3 {[%clk 0:33:02]} 20... Nf4 { [%clk
1:01:02]} 21. Rb1 {[%clk 0:23:59]} 21... Bxc3 {[%clk 0:58:30]} 22. bxc3 { [%clk
0:21:37]} 22... Ne2+ {[%clk 0:58:48]} 23. Kh1 {[%clk 0:20:17]} 23... Rxb1
{[%clk 0:58:33]} 24. Qxb1 {[%clk 0:20:33]} 24... Qh4 {[%clk 0:58:35]} 25. Bb2 {
[%clk 0:16:22]} 25... Ng3+ {[%clk 0:58:54]} 26. Kg1 {[%clk 0:16:48]} 26... Nxf1
{[%clk 0:59:18]} 27. Qxf1 {[%clk 0:17:11]} 27... Rb8 {[%clk 0:55:31]} 28. Qe2 {
[%clk 0:16:55]} 28... Qf4 {[%clk 0:50:29]} 29. Nd1 {[%clk 0:16:21]} 29... Ba4 {
[%clk 0:49:46]} 30. Nf2 {[%clk 0:15:00]} 30... Bb5 {[%clk 0:49:07]} 31. Qe1 {
[%clk 0:14:14]} 31... Bc4 {[%clk 0:48:03]} 32. Nd1 {[%clk 0:14:33]} 32... h5 {
[%clk 0:44:04]} 33. Qf2 {[%clk 0:13:33]} 33... Bxa2 {[%clk 0:43:21]} 34. g3 {
[%clk 0:12:17]} 34... Qe5 {[%clk 0:42:36]} 35. Qd2 {[%clk 0:11:18]} 35... Qe6 {
[%clk 0:39:36]} 36. Kg2 {[%clk 0:03:58]} 36... d5 {[%clk 0:37:52]} 37. Nf2 {
[%clk 0:02:14]} 37... Bc4 {[%clk 0:36:25]} 38. Ba3 {[%clk 0:02:13]} 38... Rb1 {
[%clk 0:35:59]} 39. Bxc5 {[%clk 0:02:09]} 39... Bf1+ {[%clk 0:35:19]} 40. Kg1 {
[%clk 0:02:18]} 40... Bh3+ {[%clk 0:34:23]} 41. Nd1 {[%clk 0:02:42]} 41... dxe4
{[%clk 0:33:59]} 42. Kf2 {[%clk 0:01:17]} 42... Qc4 {[%clk 0:32:12]} 43. Be3 {
[%clk 0:29:57]} 43... Qf1# 0-1

[Event "DVM U16 2020"]
[Site "Willingen GER"]
[Date "2021.06.24"]
[Round "2"]
[White "Baranyai-Molnar, Adam-Kristof"]
[Black "Pahl, Theis"]
[Result "0-1"]
[Termination "normal"]
[Board "3.2"]
[WhiteElo "1783"]
[BlackElo "2123"]
[WhiteClock "00:04:03"]
[BlackClock "00:33:15"]
[WhiteTeam "SF Neuberg"]
[BlackTeam "Delmenhorster SK"]
[PlyCount "72"]
[WhiteFideId "768022"]
[BlackFideId "16201264"]
[EventCountry "GER"]
[EventRounds "7"]
[EventType "team-swiss"]
[EventDate "2021.06.23"]

1. e4 {[%clk 1:30:58]} 1... c5 {[%clk 1:30:55]} 2. Nf3 {[%clk 1:31:24]} 2... a6
{[%clk 1:31:20]} 3. d4 {[%clk 1:31:49]} 3... cxd4 {[%clk 1:31:45]} 4. Nxd4 {
[%clk 1:32:15]} 4... e5 {[%clk 1:32:08]} 5. Nf3 {[%clk 1:32:24]} 5... Nf6 {
[%clk 1:32:31]} 6. Nc3 {[%clk 1:31:54]} 6... Bb4 {[%clk 1:32:54]} 7. Bc4 {
[%clk 1:18:19]} 7... Qc7 {[%clk 1:28:28]} 8. Qd3 {[%clk 1:02:07]} 8... b5 {
[%clk 1:22:17]} 9. Bd5 {[%clk 0:57:54]} 9... Nxd5 {[%clk 1:21:39]} 10. exd5 {
[%clk 0:57:56]} 10... d6 {[%clk 1:21:04]} 11. O-O {[%clk 0:57:28]} 11... Bxc3 {
[%clk 1:19:21]} 12. bxc3 {[%clk 0:57:34]} 12... Nd7 {[%clk 1:18:39]} 13. Ba3 {
[%clk 0:56:51]} 13... Nb6 {[%clk 1:15:44]} 14. Nd2 {[%clk 0:43:18]} 14... f5 {
[%clk 1:09:56]} 15. f4 {[%clk 0:43:00]} 15... e4 {[%clk 1:10:06]} 16. Nxe4 {
[%clk 0:42:41]} 16... fxe4 {[%clk 1:10:25]} 17. Qxe4+ {[%clk 0:43:04]} 17...
Kd8 {[%clk 1:05:55]} 18. Rae1 {[%clk 0:33:33]} 18... Nc4 {[%clk 1:05:19]} 19.
Bc1 {[%clk 0:33:53]} 19... Qf7 {[%clk 1:05:15]} 20. f5 {[%clk 0:33:54]} 20...
Bd7 {[%clk 0:59:12]} 21. Bg5+ {[%clk 0:19:22]} 21... Kc7 {[%clk 0:52:28]} 22.
Qd4 {[%clk 0:19:09]} 22... Rhe8 {[%clk 0:49:31]} 23. Rxe8 {[%clk 0:19:17]}
23... Bxe8 {[%clk 0:49:53]} 24. Re1 {[%clk 0:16:50]} 24... Bd7 {[%clk 0:49:01]}
25. g4 {[%clk 0:16:29]} 25... Nb6 {[%clk 0:41:09]} 26. Rd1 {[%clk 0:10:06]}
26... Re8 {[%clk 0:39:10]} 27. Bf4 {[%clk 0:10:21]} 27... Qf6 {[%clk 0:36:32]}
28. Qc5+ {[%clk 0:10:46]} 28... Kb7 {[%clk 0:36:54]} 29. Qxd6 {[%clk 0:06:01]}
29... Qxd6 {[%clk 0:36:48]} 30. Bxd6 {[%clk 0:06:25]} 30... Nc4 {[%clk 0:34:32]
} 31. Bc5 {[%clk 0:05:57]} 31... Ne3 {[%clk 0:32:54]} 32. Bxe3 {[%clk 0:04:40]}
32... Rxe3 {[%clk 0:33:20]} 33. Kf2 {[%clk 0:05:05]} 33... Rxc3 {[%clk 0:33:01]
} 34. Rd2 {[%clk 0:05:27]} 34... Kc7 {[%clk 0:33:10]} 35. d6+ {[%clk 0:04:00]}
35... Kc6 {[%clk 0:33:30]} 36. h4 {[%clk 0:04:03]} 36... Rh3 {[%clk 0:33:15]}
0-1

[Event "DVM U16 2020"]
[Site "Willingen GER"]
[Date "2021.06.24"]
[Round "2"]
[White "Sinnhöfer, Joshua"]
[Black "Kolzenburg, Jan Niklas"]
[Result "1/2-1/2"]
[Termination "normal"]
[Board "3.3"]
[WhiteElo "1712"]
[BlackElo "1671"]
[WhiteClock "00:26:37"]
[BlackClock "00:06:51"]
[WhiteTeam "Delmenhorster SK"]
[BlackTeam "SF Neuberg"]
[PlyCount "93"]
[WhiteFideId "16201361"]
[BlackFideId "16274830"]
[EventCountry "GER"]
[EventRounds "7"]
[EventType "team-swiss"]
[EventDate "2021.06.23"]

1. b4 {[%clk 1:30:56]} 1... Nf6 {[%clk 1:23:48]} 2. Bb2 {[%clk 1:31:02]} 2...
d5 {[%clk 1:18:56]} 3. Nf3 {[%clk 1:29:58]} 3... Bf5 {[%clk 1:18:02]} 4. e3 {
[%clk 1:24:29]} 4... e6 {[%clk 1:16:43]} 5. b5 {[%clk 1:24:44]} 5... a6 { [%clk
1:09:09]} 6. a4 {[%clk 1:21:46]} 6... axb5 {[%clk 1:06:06]} 7. axb5 { [%clk
1:21:58]} 7... Rxa1 {[%clk 1:06:33]} 8. Bxa1 {[%clk 1:22:18]} 8... Bd6 { [%clk
1:00:09]} 9. Be2 {[%clk 1:18:55]} 9... Nbd7 {[%clk 0:56:26]} 10. O-O { [%clk
1:06:40]} 10... O-O {[%clk 0:53:34]} 11. c4 {[%clk 1:00:50]} 11... c5 { [%clk
0:43:37]} 12. d3 {[%clk 0:53:09]} 12... Nb6 {[%clk 0:38:10]} 13. Nbd2 { [%clk
0:46:39]} 13... Bg6 {[%clk 0:32:13]} 14. Bc3 {[%clk 0:42:26]} 14... Nfd7 {[%clk
0:27:34]} 15. Qa1 {[%clk 0:42:12]} 15... f6 {[%clk 0:26:24]} 16. d4 16... Bh5
{[%clk 0:16:39]} 17. cxd5 {[%clk 0:27:51]} 17... Nxd5 {[%clk 0:15:27] } 18. Bc4
{[%clk 0:25:56]} 18... N7b6 {[%clk 0:13:43]} 19. Ba5 {[%clk 0:24:39]} 19... Qe7
{[%clk 0:13:46]} 20. Bxb6 {[%clk 0:21:03]} 20... Nxb6 {[%clk 0:14:05] } 21. Qa2
{[%clk 0:21:05]} 21... Bf7 {[%clk 0:11:42]} 22. Bb3 {[%clk 0:17:18]} 22... Ra8
{[%clk 0:10:51]} 23. Qb1 {[%clk 0:14:04]} 23... Ra5 {[%clk 0:07:15]} 24. Bc2
{[%clk 0:12:00]} 24... Bg6 {[%clk 0:04:46]} 25. Bxg6 {[%clk 0:11:57]} 25...
hxg6 {[%clk 0:05:14]} 26. Qd3 {[%clk 0:11:36]} 26... Kf7 {[%clk 0:04:03]} 27.
Nc4 {[%clk 0:11:20]} 27... Nxc4 {[%clk 0:04:13]} 28. Qxc4 {[%clk 0:11:48]}
28... Ra8 {[%clk 0:03:22]} 29. dxc5 {[%clk 0:10:04]} 29... Bxc5 {[%clk 0:03:42]
} 30. Rc1 {[%clk 0:10:12]} 30... b6 {[%clk 0:02:41]} 31. Nd2 {[%clk 0:09:36]}
31... Rc8 {[%clk 0:01:54]} 32. Nb3 {[%clk 0:08:51]} 32... Rc7 {[%clk 0:02:00]}
33. Nd4 {[%clk 0:09:02]} 33... g5 {[%clk 0:00:39]} 34. g3 {[%clk 0:09:07]}
34... Qd6 {[%clk 0:00:40]} 35. Nc6 {[%clk 0:08:38]} 35... Rd7 {[%clk 0:00:40]}
36. Qe2 {[%clk 0:08:32]} 36... g6 {[%clk 0:00:36]} 37. Qf3 {[%clk 0:07:30]}
37... Kg7 {[%clk 0:00:41]} 38. Ra1 {[%clk 0:07:39]} 38... Qc7 {[%clk 0:00:32]}
39. Qg4 {[%clk 0:07:12]} 39... Qd6 {[%clk 0:00:47]} 40. h3 {[%clk 0:05:42]}
40... Qd5 {[%clk 0:00:39]} 41. Qa4 {[%clk 0:03:08]} 41... Qf3 {[%clk 0:20:08]}
42. Qb3 {[%clk 0:32:35]} 42... Rd2 {[%clk 0:13:37]} 43. Rf1 {[%clk 0:32:16]}
43... Kf7 {[%clk 0:10:23]} 44. Qc3 {[%clk 0:30:37]} 44... Rd7 {[%clk 0:08:15]}
45. Qb3 {[%clk 0:26:17]} 45... Rd2 {[%clk 0:06:35]} 46. Qc3 {[%clk 0:26:16]}
46... Rd7 {[%clk 0:06:51]} 47. Qb3 {[%clk 0:26:37]} 1/2-1/2

[Event "DVM U16 2020"]
[Site "Willingen GER"]
[Date "2021.06.24"]
[Round "2"]
[White "Emmerich, Julian"]
[Black "Alhamid, Mohamad"]
[Result "0-1"]
[Termination "normal"]
[Board "3.4"]
[WhiteElo "1369"]
[BlackElo "1664"]
[WhiteClock "00:02:23"]
[BlackClock "00:48:10"]
[WhiteTeam "SF Neuberg"]
[BlackTeam "Delmenhorster SK"]
[PlyCount "59"]
[WhiteFideId "16274822"]
[BlackFideId "16235665"]
[EventCountry "GER"]
[EventRounds "7"]
[EventType "team-swiss"]
[EventDate "2021.06.23"]

1. e4 {[%clk 1:30:56]} 1... e5 {[%clk 1:30:48]} 2. Nf3 {[%clk 1:31:21]} 2...
Nc6 {[%clk 1:31:15]} 3. d4 {[%clk 1:31:43]} 3... exd4 {[%clk 1:31:38]} 4. Nxd4
{[%clk 1:32:08]} 4... Bc5 {[%clk 1:32:04]} 5. Be3 {[%clk 1:32:12]} 5... Bb6 {
[%clk 1:32:29]} 6. Bc4 {[%clk 1:29:53]} 6... Nf6 {[%clk 1:32:03]} 7. Nxc6 {
[%clk 1:27:47]} 7... bxc6 {[%clk 1:32:06]} 8. Nc3 {[%clk 1:27:00]} 8... Bxe3 {
[%clk 1:32:21]} 9. fxe3 {[%clk 1:27:22]} 9... Qe7 {[%clk 1:32:10]} 10. Qf3 {
[%clk 1:25:42]} 10... Rb8 {[%clk 1:30:02]} 11. Bb3 {[%clk 1:21:05]} 11... O-O {
[%clk 1:30:03]} 12. O-O-O {[%clk 1:18:50]} 12... d5 {[%clk 1:29:39]} 13. Rd4 {
[%clk 1:14:05]} 13... c5 {[%clk 1:29:04]} 14. Nxd5 {[%clk 1:14:20]} 14... Nxd5
{[%clk 1:28:54]} 15. Rxd5 {[%clk 1:14:17]} 15... Bb7 {[%clk 1:18:27]} 16. Rd2 {
[%clk 1:06:17]} 16... Bxe4 {[%clk 1:17:31]} 17. Qg3 {[%clk 1:03:43]} 17... Rbd8
{[%clk 1:08:20]} 18. Rhd1 {[%clk 0:56:50]} 18... h6 {[%clk 1:07:30]} 19. Qf4 {
[%clk 0:53:10]} 19... Bg6 {[%clk 1:01:04]} 20. Qg4 {[%clk 0:45:22]} 20... Kh7 {
[%clk 0:56:05]} 21. Qf4 {[%clk 0:34:44]} 21... Rxd2 {[%clk 0:51:52]} 22. Rxd2 {
[%clk 0:35:06]} 22... Re8 {[%clk 0:51:42]} 23. Re2 {[%clk 0:31:12]} 23... f6 {
[%clk 0:51:19]} 24. g4 {[%clk 0:22:17]} 24... Be4 {[%clk 0:49:20]} 25. h4 {
[%clk 0:19:17]} 25... Qd6 {[%clk 0:48:46]} 26. Rd2 {[%clk 0:02:55]} 26... Qxf4
{[%clk 0:47:30]} 27. exf4 {[%clk 0:03:18]} 27... Bf3 {[%clk 0:47:55]} 28. Rd7 {
[%clk 0:02:23]} 28... Re1+ {[%clk 0:48:10]} 29. Kd2 Rd1+ 30. Ke3 0-1

[Event "DVM U16 2020"]
[Site "Willingen GER"]
[Date "2021.06.24"]
[Round "2"]
[White "Weishäutel, Moritz"]
[Black "Liebold, Aaron"]
[Result "1-0"]
[Termination "normal"]
[Board "4.1"]
[WhiteElo "2207"]
[BlackElo "1995"]
[WhiteClock "00:13:57"]
[BlackClock "00:00:43"]
[WhiteTeam "Erfurter Schachklub"]
[BlackTeam "ESV Gera"]
[PlyCount "153"]
[WhiteFideId "12967300"]
[BlackFideId "12997846"]
[EventCountry "GER"]
[EventRounds "7"]
[EventType "team-swiss"]
[EventDate "2021.06.23"]

1. d4 {[%clk 1:30:57]} 1... Nf6 {[%clk 1:30:53]} 2. Bg5 {[%clk 1:31:23]} 2...
d5 {[%clk 1:31:06]} 3. Bxf6 {[%clk 1:31:44]} 3... gxf6 {[%clk 1:31:02]} 4. e3 {
[%clk 1:32:07]} 4... b6 {[%clk 1:29:49]} 5. Bd3 {[%clk 1:29:56]} 5... e6 {
[%clk 1:27:51]} 6. c3 {[%clk 1:27:58]} 6... Bd6 {[%clk 1:27:53]} 7. Nf3 { [%clk
1:26:18]} 7... Nd7 {[%clk 1:25:45]} 8. Nbd2 {[%clk 1:21:58]} 8... f5 { [%clk
1:23:51]} 9. Qe2 {[%clk 1:18:22]} 9... Bb7 {[%clk 1:23:19]} 10. Ba6 { [%clk
1:16:21]} 10... Bxa6 {[%clk 1:18:02]} 11. Qxa6 {[%clk 1:16:49]} 11... Qc8
{[%clk 1:17:10]} 12. Qa4 {[%clk 1:13:30]} 12... Qb7 {[%clk 1:14:58]} 13. c4 {
[%clk 1:11:22]} 13... dxc4 {[%clk 1:11:12]} 14. Nxc4 {[%clk 1:10:42]} 14... b5
{[%clk 1:10:49]} 15. Qb3 {[%clk 1:08:58]} 15... Qc6 {[%clk 1:03:19]} 16. Nxd6+
{[%clk 1:08:21]} 16... cxd6 {[%clk 1:03:36]} 17. d5 {[%clk 1:06:25]} 17... Qc4
{[%clk 0:56:30]} 18. Nd4 {[%clk 1:04:15]} 18... Nc5 {[%clk 0:49:47]} 19. Qxb5+
{[%clk 1:02:40]} 19... Qxb5 {[%clk 0:50:09]} 20. Nxb5 {[%clk 1:03:08]} 20...
Rb8 {[%clk 0:49:25]} 21. Nxa7 {[%clk 0:57:09]} 21... Rxb2 {[%clk 0:47:41]} 22.
O-O {[%clk 0:56:47]} 22... Kd7 {[%clk 0:46:53]} 23. Nc6 {[%clk 0:53:48]} 23...
Ra8 {[%clk 0:43:51]} 24. a3 {[%clk 0:46:53]} 24... Rb3 {[%clk 0:37:13]} 25. g3
{[%clk 0:43:02]} 25... Raxa3 {[%clk 0:32:45]} 26. Rxa3 {[%clk 0:43:16]} 26...
Rxa3 {[%clk 0:33:11]} 27. Rb1 {[%clk 0:43:40]} 27... Nb3 {[%clk 0:23:45]} 28.
Rb2 {[%clk 0:38:48]} 28... e5 {[%clk 0:13:29]} 29. Kg2 {[%clk 0:36:28]} 29...
Na5 {[%clk 0:12:05]} 30. Rb4 {[%clk 0:27:11]} 30... Nxc6 {[%clk 0:09:40]} 31.
dxc6+ {[%clk 0:27:39]} 31... Kxc6 {[%clk 0:09:48]} 32. Rh4 {[%clk 0:28:08]}
32... Kd5 {[%clk 0:08:58]} 33. Rxh7 {[%clk 0:27:06]} 33... Ke6 {[%clk 0:08:42]}
34. Rh8 {[%clk 0:24:54]} 34... d5 {[%clk 0:06:17]} 35. h4 {[%clk 0:22:36]}
35... Kf6 {[%clk 0:03:42]} 36. Rg8 {[%clk 0:16:30]} 36... Ra4 {[%clk 0:01:10]}
37. h5 {[%clk 0:10:43]} 37... Rg4 {[%clk 0:00:58]} 38. Rd8 {[%clk 0:11:11]}
38... Rg5 {[%clk 0:00:58]} 39. h6 {[%clk 0:07:09]} 39... Rh5 {[%clk 0:00:53]}
40. Rd6+ {[%clk 0:06:18]} 40... Ke7 {[%clk 0:00:34]} 41. Rxd5 {[%clk 0:06:40]}
41... f6 {[%clk 0:29:45]} 42. f4 {[%clk 0:33:38]} 42... exf4 {[%clk 0:25:17]}
43. exf4 {[%clk 0:29:37]} 43... Ke6 {[%clk 0:25:08]} 44. g4 {[%clk 0:28:50]}
44... Rxh6 {[%clk 0:20:04]} 45. Rxf5 {[%clk 0:27:15]} 45... Rh4 {[%clk 0:18:52]
} 46. Kg3 {[%clk 0:25:21]} 46... Rh1 {[%clk 0:19:13]} 47. Ra5 {[%clk 0:25:45]}
47... Rg1+ {[%clk 0:19:09]} 48. Kf3 {[%clk 0:26:13]} 48... Rf1+ {[%clk 0:18:38]
} 49. Ke3 {[%clk 0:26:41]} 49... Rg1 {[%clk 0:17:31]} 50. Ra6+ {[%clk 0:27:06]}
50... Kf7 {[%clk 0:17:09]} 51. Kf3 {[%clk 0:26:53]} 51... Rf1+ {[%clk 0:16:57]}
52. Ke4 {[%clk 0:27:11]} 52... Rb1 {[%clk 0:16:14]} 53. Ra7+ {[%clk 0:26:14]}
53... Kg6 {[%clk 0:16:20]} 54. f5+ {[%clk 0:23:47]} 54... Kh6 {[%clk 0:13:31]}
55. Rf7 {[%clk 0:24:08]} 55... Rb4+ {[%clk 0:13:36]} 56. Kf3 {[%clk 0:24:33]}
56... Rb6 {[%clk 0:13:00]} 57. Ke4 {[%clk 0:22:08]} 57... Rb4+ {[%clk 0:11:38]}
58. Kd5 {[%clk 0:22:13]} 58... Rxg4 {[%clk 0:11:20]} 59. Ke6 {[%clk 0:21:42]}
59... Ra4 {[%clk 0:11:04]} 60. Rxf6+ {[%clk 0:19:09]} 60... Kg7 {[%clk 0:10:21]
} 61. Rf7+ {[%clk 0:19:22]} 61... Kg8 {[%clk 0:10:25]} 62. Rd7 {[%clk 0:19:43]}
62... Ra6+ {[%clk 0:04:58]} 63. Ke5 {[%clk 0:20:07]} 63... Ra5+ {[%clk 0:03:46]
} 64. Kf6 {[%clk 0:20:35]} 64... Ra6+ {[%clk 0:03:00]} 65. Kg5 {[%clk 0:21:04]}
65... Ra1 {[%clk 0:03:05]} 66. Kg6 {[%clk 0:19:48]} 66... Kf8 {[%clk 0:02:13]}
67. Rf7+ {[%clk 0:18:53]} 67... Kg8 {[%clk 0:01:59]} 68. Rb7 {[%clk 0:18:51]}
68... Rg1+ {[%clk 0:00:54]} 69. Kf6 {[%clk 0:19:20]} 69... Re1 {[%clk 0:00:58]}
70. Rb8+ {[%clk 0:18:53]} 70... Kh7 {[%clk 0:01:26]} 71. Kf7 {[%clk 0:19:13]}
71... Rf1 {[%clk 0:01:03]} 72. f6 {[%clk 0:19:05]} 72... Ra1 {[%clk 0:01:05]}
73. Ke8 {[%clk 0:14:05]} 73... Re1+ {[%clk 0:01:12]} 74. Kf8 {[%clk 0:14:26]}
74... Ra1 {[%clk 0:00:34]} 75. f7 {[%clk 0:13:44]} 75... Re1 {[%clk 0:00:32]}
76. Rb2 {[%clk 0:13:44]} 76... Rh1 {[%clk 0:00:43]} 77. Re2 {[%clk 0:13:57]}
1-0

[Event "DVM U16 2020"]
[Site "Willingen GER"]
[Date "2021.06.24"]
[Round "2"]
[White "Müller, Magnus"]
[Black "Seinsoth, Paul"]
[Result "1-0"]
[Termination "normal"]
[Board "4.2"]
[WhiteElo "2090"]
[BlackElo "1737"]
[WhiteClock "00:36:35"]
[BlackClock "00:09:37"]
[WhiteTeam "ESV Gera"]
[BlackTeam "Erfurter Schachklub"]
[PlyCount "141"]
[WhiteFideId "16230060"]
[BlackFideId "12994634"]
[EventCountry "GER"]
[EventRounds "7"]
[EventType "team-swiss"]
[EventDate "2021.06.23"]

1. d4 {[%clk 1:30:06]} 1... Nf6 {[%clk 1:30:38]} 2. Bf4 {[%clk 1:30:26]} 2...
d5 {[%clk 1:30:44]} 3. e3 {[%clk 1:30:48]} 3... c5 {[%clk 1:30:25]} 4. c3 {
[%clk 1:30:55]} 4... Nc6 {[%clk 1:29:49]} 5. Nd2 {[%clk 1:30:49]} 5... Bf5 {
[%clk 1:29:23]} 6. Qb3 {[%clk 1:30:34]} 6... Qb6 {[%clk 1:22:02]} 7. dxc5 {
[%clk 1:29:09]} 7... Qxb3 {[%clk 1:19:57]} 8. axb3 {[%clk 1:29:00]} 8... e5 {
[%clk 1:19:39]} 9. Bg3 {[%clk 1:29:19]} 9... Bxc5 {[%clk 1:19:24]} 10. Ngf3 {
[%clk 1:29:39]} 10... Bd6 {[%clk 1:16:53]} 11. Bb5 {[%clk 1:29:36]} 11... Nd7 {
[%clk 1:04:31]} 12. Nd4 {[%clk 1:28:17]} 12... exd4 {[%clk 1:00:33]} 13. Bxd6 {
[%clk 1:28:40]} 13... dxe3 {[%clk 1:00:35]} 14. fxe3 {[%clk 1:29:08]} 14... Nb6
{[%clk 0:58:56]} 15. Bc5 {[%clk 1:26:48]} 15... Kd7 {[%clk 0:56:27]} 16. Nf3 {
[%clk 1:25:55]} 16... Kc7 {[%clk 0:55:46]} 17. O-O {[%clk 1:06:24]} 17... Bg6 {
[%clk 0:48:34]} 18. b4 {[%clk 1:03:21]} 18... f6 {[%clk 0:46:27]} 19. Bxc6 {
[%clk 0:51:41]} 19... bxc6 {[%clk 0:44:51]} 20. b3 {[%clk 0:51:17]} 20... Rhe8
{[%clk 0:40:47]} 21. Nd4 {[%clk 0:50:41]} 21... Nd7 {[%clk 0:32:52]} 22. Kf2 {
[%clk 0:46:28]} 22... a6 {[%clk 0:26:54]} 23. Ra5 {[%clk 0:38:37]} 23... Ne5 {
[%clk 0:25:27]} 24. h3 {[%clk 0:37:29]} 24... Nd3+ {[%clk 0:24:46]} 25. Ke2 {
[%clk 0:36:45]} 25... Be4 {[%clk 0:14:44]} 26. Rfa1 {[%clk 0:29:18]} 26... Kb7
{[%clk 0:12:37]} 27. Bd6 {[%clk 0:23:58]} 27... Ne5 {[%clk 0:08:16]} 28. Kd2 {
[%clk 0:21:06]} 28... g6 {[%clk 0:07:32]} 29. g4 {[%clk 0:19:13]} 29... Nf3+ {
[%clk 0:04:17]} 30. Nxf3 {[%clk 0:18:58]} 30... Bxf3 {[%clk 0:04:43]} 31. Rf1 {
[%clk 0:19:19]} 31... Re6 {[%clk 0:05:07]} 32. Rxf3 {[%clk 0:17:06]} 32... Rxd6
{[%clk 0:05:14]} 33. Ra1 {[%clk 0:17:08]} 33... Re8 {[%clk 0:04:31]} 34. Raf1 {
[%clk 0:14:38]} 34... Rde6 {[%clk 0:03:49]} 35. c4 {[%clk 0:14:55]} 35... dxc4
{[%clk 0:03:08]} 36. bxc4 {[%clk 0:15:19]} 36... R8e7 {[%clk 0:03:12]} 37. Rxf6
{[%clk 0:10:02]} 37... Rxe3 {[%clk 0:03:18]} 38. Rf7 {[%clk 0:10:26]} 38...
Re2+ {[%clk 0:03:34]} 39. Kd3 {[%clk 0:10:35]} 39... R2e3+ {[%clk 0:03:44]} 40.
Kd4 {[%clk 0:10:49]} 40... R3e4+ {[%clk 0:03:45]} 41. Kc5 {[%clk 0:10:35]}
41... R4e5+ {[%clk 0:03:46]} 42. Kd4 {[%clk 0:09:50]} 42... Re4+ { [%clk
0:04:08]} 43. Kc3 {[%clk 0:10:15]} 43... Re3+ {[%clk 0:04:21]} 44. Kb2 { [%clk
0:07:51]} 44... Kb6 {[%clk 0:03:01]} 45. Rxe7 {[%clk 0:08:12]} 45... Rxe7
{[%clk 0:03:17]} 46. Rf3 {[%clk 0:08:37]} 46... Rd7 {[%clk 0:02:45]} 47. Kc3 {
[%clk 0:08:38]} 47... Kb7 {[%clk 0:02:12]} 48. Rf6 {[%clk 0:08:20]} 48... Kb6 {
[%clk 0:01:15]} 49. c5+ {[%clk 0:06:13]} 49... Kb5 {[%clk 0:28:53]} 50. Rf8 {
[%clk 0:36:01]} 50... Rb7 {[%clk 0:27:50]} 51. Ra8 {[%clk 0:35:24]} 51... Rf7 {
[%clk 0:27:04]} 52. Rb8+ {[%clk 0:35:45]} 52... Ka4 {[%clk 0:27:20]} 53. Rb6 {
[%clk 0:35:28]} 53... Rf3+ {[%clk 0:27:10]} 54. Kc4 {[%clk 0:35:43]} 54... Rf4+
{[%clk 0:27:23]} 55. Kc3 {[%clk 0:35:22]} 55... Rf3+ {[%clk 0:26:17]} 56. Kd4 {
[%clk 0:33:51]} 56... Rf4+ {[%clk 0:26:14]} 57. Ke5 {[%clk 0:33:29]} 57... Rxb4
{[%clk 0:24:15]} 58. Rxc6 {[%clk 0:33:53]} 58... Rc4 {[%clk 0:19:10]} 59. Kd5 {
[%clk 0:33:25]} 59... Rc3 {[%clk 0:18:36]} 60. Rxa6+ {[%clk 0:33:50]} 60... Kb5
{[%clk 0:18:51]} 61. Rb6+ {[%clk 0:33:58]} 61... Ka5 {[%clk 0:19:08]} 62. Rb2 {
[%clk 0:34:01]} 62... Rd3+ {[%clk 0:12:44]} 63. Kc6 {[%clk 0:34:20]} 63... Rxh3
{[%clk 0:12:50]} 64. Kb7 {[%clk 0:34:10]} 64... Rg3 {[%clk 0:08:51]} 65. c6 {
[%clk 0:34:19]} 65... Rxg4 {[%clk 0:09:09]} 66. c7 {[%clk 0:34:46]} 66... Rc4 {
[%clk 0:08:58]} 67. c8=Q {[%clk 0:35:10]} 67... Rxc8 {[%clk 0:09:23]} 68. Kxc8
{[%clk 0:35:39]} 68... h5 {[%clk 0:09:19]} 69. Kd7 {[%clk 0:36:06]} 69... g5 {
[%clk 0:09:25]} 70. Re2 {[%clk 0:36:35]} 70... Kb4 {[%clk 0:09:37]} 71. Re5 1-0